Estadística con FORTRAN
Kaydedildi:
| Yazar: | |
|---|---|
| Materyal Türü: | Kitap |
| Dil: | İspanyolca |
| Baskı/Yayın Bilgisi: |
Ciudad de México
Interamericana
1975
|
| Konular: | |
| Etiketler: |
Etiketle
Etiket eklenmemiş, İlk siz ekleyin!
|
MARC
| LEADER | 00000nam a2200000 a 4500 | ||
|---|---|---|---|
| 001 | UCQ1798 | ||
| 003 | CL-VaPUC | ||
| 008 | 980721e19750000MX |||||||||||||||||spa|d | ||
| 082 | 0 | 4 | |a 005.133 |b KIR |2 21 |
| 100 | 0 | |a Kirch, Allan M |e author |9 415630 | |
| 245 | 1 | 0 | |a Estadística con FORTRAN |
| 300 | |a 437 p | ||
| 942 | |c BK | ||
| 945 | |d 19980721 00:00:00 |a cmena | ||
| 260 | |a Ciudad de México |b Interamericana |c 1975 | ||
| 650 | 7 | |a FORTRAN |2 CL-VaPUC |9 260109 | |
| 650 | 0 | |a Programación de computadores |9 259531 | |
| 650 | 0 | |a Estadísticas |9 258644 | |
| 650 | 0 | |a Análisis de la información |9 306986 | |
| 650 | 0 | |a Lenguajes de programación |9 259458 | |
| 583 | |a last modification |c 19980721 00:00:00 |k Rodrigo Vera | ||
| 999 | |c 272642 |d 272640 | ||
| 952 | |0 0 |1 0 |4 0 |6 005_133000000000000_KIR_1975 |7 0 |8 P |9 307760 |a BIBGIM |b BIBGIM |d 2019-11-20 |i 1441183 |o 005.133 KIR 1975 |p 1441183 |r 2025-01-15 |w 2019-11-20 |y BK |k COM | ||